|
|
|
|
| LEADER |
00000nam a22000007a 4500 |
| 005 |
20160510103646.0 |
| 007 |
cr|||| ||u| |
| 008 |
160510s2008 bl ||||| |||| 00||0 por d |
| 020 |
|
|
|a 978-85-89919-56-2
|
| 035 |
|
|
|a 14091
|
| 040 |
|
|
|a vLex
|
| 090 |
|
|
|c 6056
|d 6056
|
| 100 |
1 |
4 |
|a Bettiol, Giuseppe
|
| 245 |
1 |
0 |
|a Instituiė̳s de Direito e Processo Penal
|h [Recurso electrn̤ico] /
|c Giuseppe Bettiol
|
| 256 |
|
|
|a Servicio en ln̕ea
|
| 260 |
|
|
|a Brasil
|b Pillares
|c 2008
|
| 300 |
|
|
|a 1 recurso electrn̤ico (1ð Ediȯ̂ 336 pg̀s)
|
| 506 |
1 |
|
|a Contenido solo disponible en los productos indicados
|d vLex Global
|d vLex Global (Academic Edition, excluding Law Schools)
|d vLex Global (U.S. Academic Edition, Law Schools)
|d vLex Global (U.S. Academic Edition, excluding Law Schools)
|d vLex Global (Academic Edition, Law Schools)
|
| 650 |
0 |
4 |
|a Derecho penal
|z Brasil
|
| 700 |
1 |
|
|a Bettiol, Rodolfo
|
| 740 |
|
|
|a vLex libros (servicio en ln̕ea)
|
| 856 |
4 |
0 |
|u http://vlex.com/source/institui-es-dreito-processo-penal-14091
|z Acceso restringido
|
| 942 |
|
|
|c BOOK
|
| 999 |
0 |
|
|a Criminal Law
|b Brasil
|